000 00554nam a2200217Ia 4500
003 OSt
005 20230329103232.0
008 210423s2009 xx 000 0 und d
020 _a978-81-8094-027-9
040 _cAL
041 _aeng
082 _a574.88
_223
_bLOHC
100 _aLOHAR (Prakash S)
_979421
245 _aCell and molecular biology
260 _aChennai
_bMJP Publishers
_c2009
300 _axxii,372
_bPB
365 _b280
_cINR
650 _aMolecular Biology
_979422
906 _abiology ; Cell ; molecular
942 _2ddc
_cBK
999 _c168826
_d168826